Laddar...

Media options for teachers

Bibliografiska uppgifter
Huvudupphovsman: Kumar, Veena
Materialtyp: Printed Book
Språk:English
Publicerad: New Delhi, Atlantic publishers
1998
Ämnen:
LEADER 005660000a22002050004500
020 |a 8171567002 
041 |a eng 
082 |a 371.332 N8 
100 |a Kumar, Veena  |9 111687 
245 |a Media options for teachers 
260 |a New Delhi, Atlantic publishers 
260 |a 1998 
465 |a R 395 
650 |a Audio visual  |9 111688 
650 |a Computers  |9 111689 
650 |a Educational technology  |9 111690 
650 |a Media  |9 111691 
942 |c BK 
999 |c 166433  |d 166429 
952 |0 0  |1 0  |4 0  |7 0  |9 164882  |a SPS  |b SPS  |d 2019-04-16  |l 0  |p SPS04475  |r 2019-04-16  |w 2019-04-16  |y BK